| 000 -CABECERA |
| Longitud fija campo de control |
00814cam a2200253 i 4500 |
| 001 - NÚMERO DE CONTROL |
| Número de control |
19021167 |
| 003 - IDENTIFICADOR DEL NÚMERO DE CONTROL |
| Identificador del número de control |
OSt |
| 005 - FECHA Y HORA DE LA ÚLTIMA TRANSACCIÓN |
| Fecha y hora de la última transacción |
20231123154541.0 |
| 008 - CÓDIGOS DE INFORMACIÓN DE LONGITUD FIJA |
| Códigos de información de longitud fija |
150718e201412 bo b 000 0 spa d |
| 010 ## - NÚMERO DE CONTROL DE LA BIBLIOTECA DEL CONGRESO |
| Número de control de LC |
2015453958 |
| 020 ## - NÚMERO INTERNACIONAL NORMALIZADO PARA LIBROS |
| Número Internacional Normalizado para Libros (ISBN) |
9789995416348 |
| 035 ## - NÚMERO DE CONTROL DEL SISTEMA |
| Número de control del sistema |
(OCoLC)ocn915281160 |
| 040 ## - FUENTE DE LA CATALOGACIÓN |
| Centro catalogador de origen |
STF |
| Lengua de catalogación |
eng |
| Normas de descripción |
rda |
| Centro transcriptor |
CDMR |
| 042 ## - CÓDIGO DE AUTENTICACIÓN |
| Código de autenticación |
lccopycat |
| 043 ## - CÓDIGO DE ÁREA GEOGRÁFICA |
| Código de área geográfica |
s-bo--- |
| 050 00 - SIGNATURA TOPOGRÁFICA DE LA BIBLIOTECA DEL CONGRESO |
| Número de clasificación |
PN5012 |
| Número de documento |
.C36 2014 |
| 100 1# - PUNTO DE ACCESO PRINCIPAL-NOMBRE DE PERSONA |
| Nombre de persona |
Canedo, Amparo, |
| 245 10 - MENCIÓN DE TÍTULO |
| Título |
Pasado, presente y futuro del periodismo / |
| Mención de responsabilidad, etc. |
Amparo Canedo. |
| 264 #1 - PRODUCCIÓN, PUBLICACIÓN , DISTRIBUCIÓN, FABRICACIÓN Y COPYRIGHT |
| Lugar de producción, publicación, distribución, fabricación |
La Paz, Bolivia : |
| Nombre del productor, editor, distribuidor, fabricante |
Universidad Católica Boliviana "San Pablo" : |
| -- |
Plural Editores, |
| Fecha de de producción, publicación, distribución, fabricación o copyright |
2014 |
| 300 ## - DESCRIPCIÓN FÍSICA |
| Extensión |
209 p. |
| 505 ## - NOTA DE CONTENIDO CON FORMATO |
| Nota de contenido con formato |
Originalment va ser la tesi doctoral de l'autora, presentada el 2013 a la Universidad Andina Simón Bolívar |
| 650 #0 - PUNTO DE ACCESO ADICIONAL DE MATERIA - TÉRMINO DE MATERIA |
| Término de materia o nombre geográfico como elemento inicial |
Periodisme |
| Subdivisión geográfica |
Bolívia |
| 9 (RLIN) |
382 |
| 942 ## - ENTRADA DE ELEMENTOS AGREGADOS (KOHA) |
| Fuente de clasificaión o esquema |
|
| Koha [por defecto] tipo de item |
Monografies |